<?xml version="1.0" encoding="UTF-8"?>
<record
    xmlns:xsi="http://www.w3.org/2001/XMLSchema-instance"
    xsi:schemaLocation="http://www.loc.gov/MARC21/slim http://www.loc.gov/standards/marcxml/schema/MARC21slim.xsd"
    xmlns="http://www.loc.gov/MARC21/slim">

  <leader>00686nab a2200205 uc4500</leader>
  <controlfield tag="001">305674</controlfield>
  <controlfield tag="005">20240519091024.0</controlfield>
  <controlfield tag="008">980911e19960801                    spa  </controlfield>
  <datafield tag="035" ind1=" " ind2=" ">
    <subfield code="a">305674</subfield>
  </datafield>
  <datafield tag="035" ind1=" " ind2=" ">
    <subfield code="a">(OCoLC)819767429</subfield>
  </datafield>
  <datafield tag="040" ind1=" " ind2=" ">
    <subfield code="c">comduadb</subfield>
  </datafield>
  <datafield tag="041" ind1=" " ind2=" ">
    <subfield code="a">spa</subfield>
  </datafield>
  <datafield tag="245" ind1="1" ind2="0">
    <subfield code="a">Bibliografia seleccionada sobre didactica de la matematica apoyada por computador</subfield>
  </datafield>
  <datafield tag="650" ind1=" " ind2="7">
    <subfield code="a">Matem&#xE1;ticas</subfield>
    <subfield code="2">lemb</subfield>
    <subfield code="9">30871</subfield>
  </datafield>
  <datafield tag="650" ind1=" " ind2="7">
    <subfield code="a">Ense&#xF1;anza con ayuda de computadores</subfield>
    <subfield code="2">lemb</subfield>
    <subfield code="9">164</subfield>
  </datafield>
  <datafield tag="650" ind1=" " ind2=" ">
    <subfield code="a">Inform&#xE1;tica en la educaci&#xF3;n</subfield>
    <subfield code="9">45639</subfield>
  </datafield>
  <datafield tag="650" ind1=" " ind2="7">
    <subfield code="a">Bibliograf&#xED;a</subfield>
    <subfield code="2">lemb</subfield>
    <subfield code="9">22690</subfield>
  </datafield>
  <datafield tag="773" ind1="0" ind2=" ">
    <subfield code="t">Inform&#xE1;tica Educativa (Bogot&#xE1;)</subfield>
    <subfield code="g">Vol.09,No.02,Ago., p. 151-172</subfield>
    <subfield code="w">292560</subfield>
    <subfield code="z">0121277X</subfield>
    <subfield code="0">97490</subfield>
  </datafield>
  <datafield tag="942" ind1=" " ind2=" ">
    <subfield code="c">ARIMP</subfield>
  </datafield>
  <datafield tag="999" ind1=" " ind2=" ">
    <subfield code="c">101566</subfield>
    <subfield code="d">101566</subfield>
  </datafield>
</record>
